LEADER 00781nam a2200205 i 4500 001 000000179098 003 CaOOAMICUS 005 20250825154622.0 008 090429s1979 xxk u000 u mul u 040 $aSeMil$bita 245 10$aVol. 1. 300 $aXXXVII, 493 p. 490 1 $aThe Loeb Classical Library ;$v139 773 0 $tScriptores Historiae Augustae.$dCambridge, Massachusetts : Harvard University Press ; London : Heinemann, 1979-1982.$g1$w()21191 830 4$aThe Loeb Classical Library ;$v139.$0(OLS)http://semarc/title/26868 850 $aSeMil 852 $aSeMil$W1$xVenegono$y1$m1Y I 16/1$j260856$B129863$CSeMilBibl$Z2$F141387 $81 961 $aOmaggio: Villa don Cesare 996 $6245$aVol. 1$9(OLS)http://semarc/title/13429 LEADER 01299nam a2200253 i 4500 001 000000050214 003 CaOOAMICUS 005 20120704000000.0 008 120704s1980 it u000 u ita u 013 $a21385 040 $aSeMil$bita 100 1 $aLanzetti, Clemente.$0(OLS)http://semarc/name/24875 245 13$aLe comuni familiari tra pubblico e privato /$cSaggi di Clemente Lanzetti ... [et al.] ; a cura di Giorgio Campanini e Pierpaolo Donati ; Prefazione di Angelo Scivoletto. 260 $aMilano :$bFranco Angeli,$ccopyr. 1980. 300 $a257 p. ;$c23 cm. 490 0 $aCollana dell'Istituto di sociologia dell'Università di Parma. Sez. Politica e società ;$v7 650 4$aFamiglia - Studi.$0(OLS)http://semarc/subject/5647 700 1 $aScivoletto, Angelo.$0(OLS)http://semarc/name/5063 700 1 $aDonati, Pierpaolo,$d<1946- >.$0(OLS)http://semarc/name/89 830 0$aCollana dell'Istituto di sociologia dell'Università di Parma. Sez. Politica e società ;$v7.$0(OLS)http://semarc/title/13729 850 $aSeMil 852 $aSeMil$W1$xVenegono$y1$m2E IV 222$j16369$B16369$CSeMilBibl$Z2$F16369 $81 996 $6245$aLe comuni familiari tra pubblico e privato$9(OLS)http://semarc/title/76644 996 $6260$aMilano :$bFranco Angeli$9(OLS)http://semarc/publisher/30369